Mahavir: (Record no. 186515)

MARC details
000 -LEADER
fixed length control field 00582nam a22001817a 4500
005 - DATE AND TIME OF LATEST TRANSACTION
control field 20220308122304.0
010 ## - LCCN (DPL NO)
LC control number ENG-131874
020 ## - INTERNATIONAL STANDARD BOOK NUMBER
International Standard Book Number 9789389253023
Terms of availability 399.00
035 ## - SYSTEM CONTROL NUMBER
System control number EN-115406
037 ## - SOURCE OF ACQUISITION
Source of stock number/acquisition DBAD/PUB
082 ## - DEWEY DECIMAL CLASSIFICATION NUMBER
Classification number 240
Item number 1
100 ## - MAIN ENTRY--PERSONAL NAME
Personal name Bhandari, Arvind
245 ## - TITLE STATEMENT
Title Mahavir:
Remainder of title Conqueror of the self/
Statement of responsibility, etc Arvind, bhandari
260 ## - PUBLICATION, DISTRIBUTION, ETC. (IMPRINT)
Name of publisher, distributor, etc Hachette book Publishing India pvt. Ltd
Place of publication, distribution, etc Gurugram
Date of publication, distribution, etc 2020
270 ## - ADDRESS
Address 4th &5th Floors, Corporate Center plot no. 94 Sector 44,
City Gurugram
Postal code 122003
300 ## - PHYSICAL DESCRIPTION
Extent xiv,192p.
Dimensions 20cm(Pbk)
942 ## - ADDED ENTRY ELEMENTS (KOHA)
Source of classification or shelving scheme Dewey Decimal Classification
Item type English Books
Classification part 240
Call number suffix BHA
Holdings
Withdrawn status Lost status Not for loan Collection code Home library Current library Date acquired Source of acquisition Cost, normal purchase price Full call number Barcode Copy number Cost, replacement price Koha item type
      Non-fiction Central Library Central Library 08/03/2022 DBAD/PUB 399.00 240 BHA EN-115406 1 399.00 English Books

© Delhi Public Library
Hit Counter
free hit counter